| 000 | 00704nam a2200241 4500 | ||
|---|---|---|---|
| 001 | 2025 | ||
| 010 | _a9789899254183 | ||
| 021 |
_aPT _b545922/25 |
||
| 090 | _a2025 | ||
| 100 | _a20250113d2025 c||y0pory50030103ba | ||
| 101 | _apor | ||
| 102 | _aPT | ||
| 200 |
_aA minha pediatra cuida de mim _etrês histórias que te vão ensinar a crescer forte e saudável _fRita Sousa Gomes _gil. Raquel Costa |
||
| 205 | _a1ª edição | ||
| 210 |
_aLisboa _cManuscrito _d2025 |
||
| 215 |
_a62 p. _cil. _d25 cm |
||
| 300 | _aBMB-Registado | ||
| 606 |
_9863 _aLiteratura Infantil |
||
| 675 |
_a087.5 _vBMB _zpor |
||
| 700 |
_92898 _aGomes _bRita Sousa |
||
| 702 |
_92899 _aCosta _bRaquel _4440 |
||
| 801 |
_aPT _bBMB _gRPC |
||
| 990 | _cLIVROS | ||